Top 25 Trading Partners - Iran - Statistics

General Stats
  • This quiz has been taken 85 times
  • The average score is 42 of 50
Answer Stats
Hint Answer % Correct
1st Place: 9,064 China
99%
1st Place: 13,115 China
99%
7th Place: 2,734 India
98%
6th Place: 2,254 India
98%
19th Place: 285 Russia
98%
13th Place: 704 Russia
98%
3rd Place: 6,425 Iraq
96%
8th Place: 930 Pakistan
96%
20th Place: 392 Pakistan
96%
13th Place: 422 Italy
95%
9th Place: 1,426 Italy
95%
5th Place: 3,990 Turkey
95%
4th Place: 3,182 Turkey
95%
8th Place: 1,764 France
94%
16th Place: 359 Germany
94%
5th Place: 3,072 Germany
94%
11th Place: 1,105 United Kingdom
91%
19th Place: 442 Spain
90%
20th Place: 257 Egypt
89%
10th Place: 645 Indonesia
89%
25th Place: 193 Indonesia
89%
17th Place: 326 Syria
89%
2nd Place: 6,696 United Arab Emirates
89%
2nd Place: 8,179 United Arab Emirates
89%
12th Place: 425 Japan
86%
16th Place: 667 Japan
86%
22nd Place: 248 Qatar
86%
11th Place: 520 Oman
85%
6th Place: 2,791 Afghanistan
84%
21st Place: 248 Kuwait
84%
4th Place: 4,380 South Korea
84%
3rd Place: 3,681 South Korea
84%
18th Place: 323 Azerbaijan
81%
15th Place: 674 Brazil
80%
24th Place: 205 Armenia
76%
9th Place: 730 Thailand
76%
21st Place: 348 Thailand
76%
15th Place: 364 Vietnam
76%
14th Place: 417 Turkmenistan
75%
25th Place: 204 Malaysia
74%
18th Place: 489 Malaysia
74%
10th Place: 1,172 Netherlands
73%
12th Place: 832 Singapore
73%
17th Place: 632 Belgium
71%
14th Place: 704 Sweden
64%
7th Place: 2,181 Switzerland
64%
22nd Place: 335 Austria
61%
24th Place: 259 Philippines
60%
23rd Place: 267 Denmark
50%
23rd Place: 217 Tajikistan
49%
No matching quizzes found
Score Distribution
Percent of People with Each Score
Percentile by Number Answered
Your Score History
You have not taken this quiz